000 00585nam a2200169 a 4500
005 20240227063609.0
008 991125s1974 mx 000 0 spa u
035 _aUPN01000007684
049 _aCG
050 4 _aF1405
_bC6.3
100 1 _aComas, Juan,
_d1900-1979
_930643
245 1 0 _aCien años de Congresos Internacionales de Americanistas :
_bensayo histórico-crítico y bibliográfico /
_cJuan Comas.
260 _aMéxico :
_bUNAM, Instituto de Investigaciones Históricas,
_c1974.
300 _a542 p.
611 2 4 _aCONGRESO INTERNACIONAL DE AMERICANISTAS
_910214
905 _aLibro
999 _c7684
_d7684